[Event "Florianopolis op 10th"]
[Site "Florianopolis"]
[Date "2024.01.23"]
[Round "5"]
[White "Lopes, Leonardo Borges"]
[Black "Fernandez, Maria Florencia"]
[Result "0-1"]
[WhiteElo "1694"]
[BlackElo "2074"]
[PlyCount "52"]
[EventDate "2024.01.20"]
[EventType "swiss"]
[EventRounds "10"]
[EventCountry "BRA"]
[SourceTitle "CB05_2024"]
[SourceDate "2024.01.31"]
[SourceVersion "1"]
[SourceVersionDate "2024.01.31"]
[SourceQuality "1"]

1. e4 c5 2. Nf3 d6 3. d4 cxd4 4. Nxd4 Nf6 5. Nc3 g6 6. Be3 Bg7 7. f3 0-0 8. Qd2 Nc6 9. 0-0-0 d5 10. Nxc6 bxc6 11. exd5 cxd5 12. Bh6 Bxh6 13. Qxh6 Qa5 14. a3 Rb8 15. h4 Be6 16. Rd4 Rfc8 17. Qd2 Rb7 18. Ra4 Qb6 19. Rb4 Qc7 20. Ba6 Rxb4 21. Bxc8 Rb6 22. Bxe6 Rxe6 23. g4 Qg3 24. Rf1 Qh3 25. Qf2 Nxg4 26. Qg1 Ne3 0-1

[Event "Joacaba op 2nd"]
[Site "Joacaba"]
[Date "2023.07.02"]
[Round "5"]
[White "Silva, Adriano Da"]
[Black "Lopes, Leonardo Borges"]
[Result "1-0"]
[WhiteElo "1966"]
[BlackElo "1684"]
[PlyCount "65"]
[EventDate "2023.06.30"]
[EventType "swiss"]
[EventRounds "6"]
[EventCountry "BRA"]
[SourceTitle "CBM 215 Extra"]
[Source "ChessBase"]
[SourceDate "2023.09.30"]
[SourceVersion "1"]
[SourceVersionDate "2023.09.30"]
[SourceQuality "1"]

1. c4 Nf6 2. Nc3 g6 3. Nf3 Bg7 4. g3 0-0 5. Bg2 d6 6. 0-0 e5 7. d3 c6 8. e4 Na6 9. Rb1 Bg4 10. h3 Bxf3 11. Bxf3 Nc7 12. Be3 Qd7 13. Bg2 Rfd8 14. d4 d5 15. cxd5 cxd5 16. dxe5 Nfe8 17. Nxd5 Bxe5 18. Bg5 f6 19. Bf4 Bxf4 20. Nxf4 Qf7 21. Qb3 Nd6 22. Rbc1 Rab8 23. Nd5 b5 24. Nxc7 Nc4 25. Nxb5 Rdc8 26. Rfd1 Rc5 27. Rxc4 Rbxb5 28. Rxc5 Rxb3 29. axb3 Kg7 30. Rb5 Qe6 31. Rb7+ Kh6 32. Rdd7 a6 33. Rxh7+ 1-0

[Event "Joacaba op 2nd"]
[Site "Joacaba"]
[Date "2023.07.01"]
[Round "3"]
[White "Peroza, Eduardo Antunes"]
[Black "Lopes, Leonardo Borges"]
[Result "1/2-1/2"]
[WhiteElo "2054"]
[BlackElo "1684"]
[PlyCount "53"]
[EventDate "2023.06.30"]
[EventType "swiss"]
[EventRounds "6"]
[EventCountry "BRA"]
[SourceTitle "CBM 215 Extra"]
[Source "ChessBase"]
[SourceDate "2023.09.30"]
[SourceVersion "1"]
[SourceVersionDate "2023.09.30"]
[SourceQuality "1"]

1. e4 c5 2. Nf3 d6 3. d4 cxd4 4. Nxd4 Nf6 5. Nc3 a6 6. h3 e6 7. g4 Be7 8. Bg2 Qc7 9. 0-0 0-0 10. f4 Nc6 11. Nce2 Rd8 12. c3 e5 13. Nf5 Bxf5 14. exf5 d5 15. g5 Ne4 16. Kh1 Qb6 17. Qe1 Bc5 18. Bxe4 dxe4 19. b4 Be3 20. Ng3 exf4 21. Nxe4 Ne5 22. Bxe3 fxe3 23. Qg3 Re8 24. Nf6+ gxf6 25. gxf6+ Ng6 26. fxg6 hxg6 27. Rf3 1/2-1/2

[Event "Florianopolis op-A 04"]
[Site "Florianopolis"]
[Date "2023.05.01"]
[Round "6"]
[White "Araujo, Adalberto Marcos"]
[Black "Lopes, Leonardo Borges"]
[Result "1-0"]
[WhiteElo "2165"]
[BlackElo "1642"]
[PlyCount "99"]
[EventDate "2023.04.28"]
[EventType "swiss"]
[EventRounds "6"]
[EventCountry "BRA"]
[SourceTitle "CBM 214 Extra"]
[Source "ChessBase"]
[SourceDate "2023.07.31"]
[SourceVersion "1"]
[SourceVersionDate "2023.07.31"]
[SourceQuality "1"]

1. d4 Nf6 2. c4 g6 3. Nc3 Bg7 4. e4 d6 5. Nf3 0-0 6. Be2 e5 7. d5 a5 8. Bg5 Na6 9. Nd2 Qe8 10. 0-0 Nd7 11. a3 Rb8 12. Rb1 c5 13. Nb5 f6 14. Nxd6 Qe7 15. Nxc8 Rbxc8 16. Bh4 Qd6 17. Nb3 b6 18. Nc1 f5 19. Na2 Bh6 20. f3 Rf7 21. Qd3 Rcf8 22. Nc3 Nc7 23. g4 Bf4 24. Rbd1 Kh8 25. Kg2 g5 26. Bf2 fxg4 27. fxg4 Bxh2 28. Qh3 Bf4 29. Rd3 Kg8 30. Nd1 Nf6 31. Ne3 Nxe4 32. Nf5 Rxf5 33. gxf5 Rf6 34. Rh1 Qd7 35. d6 Nxd6 36. Bf3 Qe7 37. Bc6 e4 38. Re1 Qe5 39. Rb3 Rxf5 40. Rxb6 g4 41. Rb8+ Nce8 42. Qc3 h5 43. Bd5+ Kh7 44. Qxa5 g3 45. Bxc5 Nf6 46. Qc7+ Kg6 47. Bxd6 Qxd6 48. Qf7+ Kg5 49. Rf8 Nxd5 50. Qxf5+ 1-0

[Event "Florianopolis op-A 04"]
[Site "Florianopolis"]
[Date "2023.04.30"]
[Round "5"]
[White "Lopes, Leonardo Borges"]
[Black "Feller, Gabriela Luisa Vice"]
[Result "1-0"]
[WhiteElo "1642"]
[BlackElo "1891"]
[PlyCount "83"]
[EventDate "2023.04.28"]
[EventType "swiss"]
[EventRounds "6"]
[EventCountry "BRA"]
[SourceTitle "CBM 214 Extra"]
[Source "ChessBase"]
[SourceDate "2023.07.31"]
[SourceVersion "1"]
[SourceVersionDate "2023.07.31"]
[SourceQuality "1"]

1. e4 c6 2. d4 d5 3. f3 Qb6 4. Nc3 dxe4 5. fxe4 e5 6. Nf3 exd4 7. Nxd4 Bc5 8. Na4 Qa5+ 9. c3 Bd6 10. b4 Qe5 11. Qf3 Nf6 12. Bd3 Bxb4 13. Rb1 Bd6 14. Qe2 Bg4 15. Qe3 b6 16. Nf3 Bxf3 17. gxf3 Qh5 18. Rg1 g6 19. Rg5 Qh4+ 20. Kd1 Bxh2 21. Bd2 Nbd7 22. Kc2 h6 23. Rg2 Bd6 24. f4 Nc5 25. e5 Nd5 26. Qf3 Be7 27. c4 Nxa4 28. cxd5 cxd5 29. Bb5+ Kf8 30. Bxa4 Rc8+ 31. Kb2 Bc5 32. Qxd5 Qe7 33. Bc3 Ba3+ 34. Kb3 Kg7 35. f5 Qh4 36. Bc6 Rhd8 37. Qe4 Qxe4 38. Bxe4 Bc5 39. fxg6 fxg6 40. Rxg6+ Kf7 41. Rf1+ Ke7 42. Rg7+ 1-0

[Event "Florianopolis op-A 04"]
[Site "Florianopolis"]
[Date "2023.04.28"]
[Round "1"]
[White "Dornelles, Marcio Neron Camarg"]
[Black "Lopes, Leonardo Borges"]
[Result "1/2-1/2"]
[WhiteElo "1962"]
[BlackElo "1642"]
[PlyCount "72"]
[EventDate "2023.04.28"]
[EventType "swiss"]
[EventRounds "6"]
[EventCountry "BRA"]
[SourceTitle "CBM 214 Extra"]
[Source "ChessBase"]
[SourceDate "2023.07.31"]
[SourceVersion "1"]
[SourceVersionDate "2023.07.31"]
[SourceQuality "1"]

1. d4 Nf6 2. c4 g6 3. Nc3 Bg7 4. e4 d6 5. Nf3 0-0 6. Be2 e5 7. Be3 Nc6 8. 0-0 h6 9. h3 Kh7 10. d5 Ne7 11. c5 Ne8 12. Nd2 f5 13. f3 f4 14. Bf2 g5 15. Nc4 Rf7 16. Rc1 Ng6 17. cxd6 Nxd6 18. Nxd6 cxd6 19. Nb5 a6 20. Na3 b5 21. Nc2 Bf8 22. Nb4 Ne7 23. Nc6 Nxc6 24. Rxc6 h5 25. Qc2 Bd7 26. Rc7 Rg7 27. Rc1 Be7 28. Qd2 Qe8 29. Ra7 Rxa7 30. Bxa7 g4 31. hxg4 hxg4 32. fxg4 Bxg4 33. Bxg4 Rxg4 34. Rc3 Qg6 35. Rc7 Qg7 36. Qe2 Rh4 1/2-1/2

[Event "Catarinense-ch U20"]
[Site "Rio Negrinho"]
[Date "2023.03.24"]
[Round "1"]
[White "Lopes, Leonardo Borges"]
[Black "Cubas, Jose Fernando"]
[Result "0-1"]
[WhiteElo "1646"]
[BlackElo "2451"]
[PlyCount "64"]
[EventDate "2023.03.24"]
[EventType "swiss"]
[EventRounds "6"]
[EventCountry "BRA"]
[SourceTitle "CBM 213 Extra"]
[Source "ChessBase"]
[SourceDate "2023.05.31"]
[SourceVersion "1"]
[SourceVersionDate "2023.05.31"]
[SourceQuality "1"]

1. e4 c5 2. Nf3 d6 3. Nc3 a6 4. d4 cxd4 5. Nxd4 Nf6 6. Be3 e5 7. Nb3 Be6 8. f3 Be7 9. Qd2 0-0 10. 0-0-0 b5 11. g4 b4 12. Nd5 Bxd5 13. exd5 a5 14. Kb1 Nbd7 15. g5 Nh5 16. Be2 Nb6 17. Rhg1 Qc7 18. Rg4 Rfc8 19. Rh4 g6 20. Rxh5 gxh5 21. Bxb6 Qxb6 22. f4 a4 23. Nc1 b3 24. c3 a3 25. Nxb3 axb2 26. Bxh5 Qa7 27. Qxb2 exf4 28. h4 Bf8 29. Rd4 Bg7 30. Rxf4 Rxc3 31. Rb4 Qg1+ 32. Nc1 Rac8 0-1

[Event "Florianopolis op 9th"]
[Site "Florianopolis"]
[Date "2023.01.26"]
[Round "6"]
[White "Ferreira, Gabriel Duque"]
[Black "Lopes, Leonardo Borges"]
[Result "1-0"]
[WhiteElo "1848"]
[BlackElo "1635"]
[PlyCount "51"]
[EventDate "2023.01.23"]
[EventType "swiss"]
[EventRounds "10"]
[EventCountry "BRA"]
[SourceTitle "CBM 212 Extra"]
[Source "ChessBase"]
[SourceDate "2023.03.31"]
[SourceVersion "1"]
[SourceVersionDate "2023.03.31"]
[SourceQuality "1"]

1. c4 Nf6 2. Nc3 g6 3. Nf3 Bg7 4. g3 d6 5. Bg2 0-0 6. 0-0 Nc6 7. d3 a6 8. Rb1 Rb8 9. b3 b5 10. Bb2 bxc4 11. dxc4 Bf5 12. Rc1 Qd7 13. Nd5 e5 14. Nxf6+ Bxf6 15. Qd2 Bh3 16. Bxh3 Qxh3 17. c5 Qd7 18. cxd6 cxd6 19. Rfd1 Rfd8 20. e4 Rb5 21. Rc4 Qb7 22. Qe3 Na5 23. Rc2 Rb4 24. Nd2 d5 25. exd5 Qxd5 26. Rc5 1-0

[Event "Florianopolis op 9th"]
[Site "Florianopolis"]
[Date "2023.01.24"]
[Round "3"]
[White "Lopes, Leonardo Borges"]
[Black "Araujo, Renan Aparecido"]
[Result "0-1"]
[WhiteElo "1635"]
[BlackElo "2041"]
[PlyCount "50"]
[EventDate "2023.01.23"]
[EventType "swiss"]
[EventRounds "10"]
[EventCountry "BRA"]
[SourceTitle "CBM 212 Extra"]
[Source "ChessBase"]
[SourceDate "2023.03.31"]
[SourceVersion "1"]
[SourceVersionDate "2023.03.31"]
[SourceQuality "1"]

1. e4 e5 2. Bc4 Nf6 3. d3 c6 4. Nf3 d5 5. exd5 cxd5 6. Bb5+ Bd7 7. Bxd7+ Nbxd7 8. 0-0 Bd6 9. c4 d4 10. Bg5 h6 11. Bh4 0-0 12. Nbd2 Qb6 13. Qc2 g5 14. Bg3 Nh5 15. Rae1 Rae8 16. b4 Qxb4 17. Rb1 Qa3 18. Ne4 f5 19. Nexg5 hxg5 20. Nxg5 Nc5 21. Qe2 Nf6 22. Rfd1 Re7 23. Qf3 Rg7 24. Bh4 Qa6 25. Qxf5 Nfe4 0-1

[Event "Concordia op 6th"]
[Site "Concordia"]
[Date "2022.10.15"]
[Round "7"]
[White "Lopes, Leonardo Borges"]
[Black "Altenhofen, Rafael Graneto"]
[Result "1-0"]
[WhiteElo "1736"]
[BlackElo "1800"]
[PlyCount "43"]
[EventDate "2022.10.12"]
[EventType "swiss"]
[EventRounds "9"]
[EventCountry "BRA"]
[SourceTitle "CBM 210 Extra"]
[Source "ChessBase"]
[SourceDate "2022.11.30"]
[SourceVersion "1"]
[SourceVersionDate "2022.11.30"]
[SourceQuality "1"]

1. e4 e5 2. Bc4 Bc5 3. Nc3 Nf6 4. d3 h6 5. f4 d6 6. Na4 Bb4+ 7. c3 Ba5 8. b4 Bb6 9. Nxb6 axb6 10. Nf3 Bg4 11. 0-0 Nbd7 12. f5 0-0 13. h3 Bxf3 14. Rxf3 Qe7 15. g4 Kh7 16. Rg3 g5 17. h4 Kg7 18. hxg5 hxg5 19. Bxg5 Rh8 20. Be3 Nh7 21. g5 Ndf8 22. f6+ 1-0

[Event "Concordia op 6th"]
[Site "Concordia"]
[Date "2022.10.15"]
[Round "8"]
[White "Spieker, Otavio Schmidt"]
[Black "Lopes, Leonardo Borges"]
[Result "0-1"]
[WhiteElo "1205"]
[BlackElo "1736"]
[PlyCount "122"]
[EventDate "2022.10.12"]
[EventType "swiss"]
[EventRounds "9"]
[EventCountry "BRA"]
[SourceTitle "CBM 210 Extra"]
[Source "ChessBase"]
[SourceDate "2022.11.30"]
[SourceVersion "1"]
[SourceVersionDate "2022.11.30"]
[SourceQuality "1"]

1. e4 c5 2. Nc3 a6 3. a4 g6 4. f4 Bg7 5. Nf3 Nc6 6. Bc4 e6 7. d3 Nge7 8. 0-0 0-0 9. Qe1 b6 10. Qg3 Bb7 11. Qh3 d5 12. Ba2 Nb4 13. Bb3 b5 14. axb5 axb5 15. Rxa8 Qxa8 16. Nxb5 Qa6 17. Na3 Rc8 18. Rd1 Qc6 19. e5 Ba6 20. c4 Rb8 21. g4 Bb7 22. Nd2 Nxd3 23. Qxd3 dxc4 24. Qe2 cxb3 25. Ndc4 Qh1+ 26. Kf2 Qxh2+ 27. Ke1 Qg3+ 28. Qf2 Qxg4 29. Qxc5 Qg3+ 30. Qf2 Qxf2+ 31. Kxf2 Nf5 32. Nd6 Nxd6 33. exd6 Rd8 34. d7 Bd5 35. Nb5 Rxd7 36. Nc3 Kf8 37. Rd3 Ke7 38. Nxd5+ Rxd5 39. Rxb3 h5 40. Rh3 Rc5 41. Rh1 Rc2+ 42. Kg3 Bxb2 43. Bxb2 Rxb2 44. Rh2 Rxh2 45. Kxh2 Kf6 46. Kg3 Kf5 47. Kf3 h4 48. Ke3 Kg4 49. Ke4 f6 50. Ke3 Kg3 51. Ke4 h3 52. Ke3 h2 53. Ke4 h1Q+ 54. Kd4 Kxf4 55. Kc5 Ke5 56. Kc4 Qd1 57. Kc5 Qc2+ 58. Kb4 Kd5 59. Kb5 Qb2+ 60. Ka4 Kc5 61. Ka5 Qa2# 0-1

[Event "Concordia op 6th"]
[Site "Concordia"]
[Date "2022.10.14"]
[Round "5"]
[White "Lopes, Leonardo Borges"]
[Black "Zottis, Pietro"]
[Result "1/2-1/2"]
[WhiteElo "1736"]
[BlackElo "1224"]
[PlyCount "34"]
[EventDate "2022.10.12"]
[EventType "swiss"]
[EventRounds "9"]
[EventCountry "BRA"]
[SourceTitle "CBM 210 Extra"]
[Source "ChessBase"]
[SourceDate "2022.11.30"]
[SourceVersion "1"]
[SourceVersionDate "2022.11.30"]
[SourceQuality "1"]

1. Nf3 Nf6 2. g3 d5 3. Bg2 Bf5 4. 0-0 Nc6 5. d3 e5 6. Nbd2 Qd7 7. c4 d4 8. a3 a5 9. Qa4 Bh3 10. b4 Bxg2 11. Kxg2 Ne7 12. Qxd7+ Nxd7 13. Bb2 Ng6 14. c5 Be7 15. Nc4 axb4 16. axb4 0-0 17. e3 dxe3 1/2-1/2

[Event "Concordia op 6th"]
[Site "Concordia"]
[Date "2022.10.12"]
[Round "2"]
[White "Umetsubo, Cesar Hidemitsu"]
[Black "Lopes, Leonardo Borges"]
[Result "1-0"]
[WhiteElo "2359"]
[BlackElo "1736"]
[PlyCount "61"]
[EventDate "2022.10.12"]
[EventType "swiss"]
[EventRounds "9"]
[EventCountry "BRA"]
[SourceTitle "CBM 210 Extra"]
[Source "ChessBase"]
[SourceDate "2022.11.30"]
[SourceVersion "1"]
[SourceVersionDate "2022.11.30"]
[SourceQuality "1"]

1. d4 Nf6 2. c4 g6 3. g3 Bg7 4. Bg2 d6 5. Nf3 0-0 6. Nc3 Nc6 7. d5 Na5 8. b3 c5 9. Bb2 a6 10. 0-0 Rb8 11. Nd2 b5 12. Qc2 Bh6 13. f4 e5 14. dxe6 Bxe6 15. Nd5 Bg7 16. Nxf6+ Bxf6 17. cxb5 axb5 18. Ne4 Be7 19. Qc3 f6 20. Ng5 Bf7 21. Nxf7 Kxf7 22. Bd5+ Kg7 23. f5 Qb6 24. Qe3 Rbe8 25. fxg6 hxg6 26. Rf4 Qc7 27. Rh4 Rh8 28. Rxh8 Rxh8 29. Rf1 Rf8 30. Rf4 Bd8 31. Rh4 1-0

[Event "Florianopolis Winter op 6th"]
[Site "Florianopolis"]
[Date "2022.07.17"]
[Round "9"]
[White "Lopes, Leonardo Borges"]
[Black "Boff, Lucas Strauss"]
[Result "0-1"]
[WhiteElo "1676"]
[BlackElo "2045"]
[PlyCount "52"]
[EventDate "2022.07.13"]
[EventType "swiss"]
[EventRounds "9"]
[EventCountry "BRA"]
[SourceTitle "CBM 209 Extra"]
[Source "ChessBase"]
[SourceDate "2022.09.30"]
[SourceVersion "1"]
[SourceVersionDate "2022.09.30"]
[SourceQuality "1"]

1. e4 d6 2. d4 Nf6 3. Nc3 g6 4. f4 Bg7 5. Nf3 0-0 6. e5 Ne8 7. h4 Bg4 8. Be2 c5 9. Ng5 Bxe2 10. Qxe2 cxd4 11. h5 dxc3 12. hxg6 hxg6 13. Qf3 dxe5 14. fxe5 Qd4 15. Bf4 f6 16. bxc3 Qc4 17. Qh3 fxg5 18. Bxg5 Qe4+ 19. Be3 Qxe5 20. 0-0-0 Nf6 21. Bh6 Nh5 22. Be3 Nd7 23. Rxd7 Qf5 24. Rxe7 Qxh3 25. Rxh3 Bxc3 26. Rh1 Rfe8 0-1

[Event "Florianopolis Winter op 6th"]
[Site "Florianopolis"]
[Date "2022.07.13"]
[Round "2"]
[White "Spieker, Otavio Schmidt"]
[Black "Lopes, Leonardo Borges"]
[Result "0-1"]
[WhiteElo "1159"]
[BlackElo "1676"]
[PlyCount "94"]
[EventDate "2022.07.13"]
[EventType "swiss"]
[EventRounds "9"]
[EventCountry "BRA"]
[SourceTitle "CBM 209 Extra"]
[Source "ChessBase"]
[SourceDate "2022.09.30"]
[SourceVersion "1"]
[SourceVersionDate "2022.09.30"]
[SourceQuality "1"]

1. e4 c5 2. Nc3 d6 3. Nf3 Nf6 4. d4 cxd4 5. Nxd4 a6 6. Bc4 e6 7. Nf3 Be7 8. e5 dxe5 9. Qxd8+ Bxd8 10. Nxe5 Bc7 11. Nf3 b5 12. Bd3 Bb7 13. Bg5 Nbd7 14. 0-0-0 Ng4 15. Rdf1 b4 16. Ne4 f5 17. Ned2 h6 18. Be3 0-0 19. h3 Ngf6 20. Re1 Rae8 21. Bc4 Kh8 22. Nb3 Ne4 23. Rd1 Nb6 24. Bd3 Nf6 25. Nc5 Bc8 26. Bxa6 Re7 27. Bxc8 Rxc8 28. Na6 Nbd5 29. Bc5 Bf4+ 30. Kb1 Rb7 31. g3 Rc6 32. gxf4 Rxa6 33. a3 bxa3 34. Bd4 axb2 35. c4 Nxf4 36. Rd2 Ra1+ 37. Kc2 Rxh1 38. Bxb2 Ne4 39. Rd8+ Kh7 40. Bd4 Rxh3 41. Nd2 Nxd2 42. Kxd2 Rd3+ 43. Kc2 e5 44. c5 Rxd4 45. Rc8 Rc4+ 46. Kd2 Rd7+ 47. Ke1 Rc1# 0-1

[Event "Florianopolis op 8th"]
[Site "Florianopolis"]
[Date "2022.01.27"]
[Round "5"]
[White "Lopes, Leonardo Borges"]
[Black "Quintiliano Moura, Paulo Henrique"]
[Result "0-1"]
[WhiteElo "1653"]
[BlackElo "1876"]
[PlyCount "96"]
[EventDate "2022.01.24"]
[EventType "swiss"]
[EventRounds "10"]
[EventCountry "BRA"]
[SourceTitle "CBM 206 Extra"]
[Source "ChessBase"]
[SourceDate "2022.03.31"]
[SourceVersion "1"]
[SourceVersionDate "2022.03.31"]
[SourceQuality "1"]

1. e4 d5 2. exd5 Qxd5 3. Nc3 Qd6 4. Nf3 Nf6 5. Be2 c6 6. d4 Bg4 7. 0-0 e6 8. Be3 Be7 9. Rb1 Nbd7 10. Nd2 Bxe2 11. Qxe2 Nb6 12. Nce4 Nxe4 13. Nxe4 Qd5 14. Nc5 0-0-0 15. b3 Qf5 16. a4 Nd5 17. Bd2 Bxc5 18. dxc5 Qxc2 19. Rfc1 Nc3 20. Rxc2 Nxe2+ 21. Kf1 Nd4 22. Ra2 Rd5 23. b4 Rhd8 24. Be3 Nf5 25. Ke2 Nxe3 26. fxe3 Kc7 27. a5 a6 28. Rf1 f6 29. Rb2 Rh5 30. h3 Rg5 31. Rf2 h5 32. Rb3 Rgd5 33. Rb2 Rd1 34. Rf3 R8d7 35. Rg3 Kd8 36. Rxg7 Rxg7 37. Kxd1 f5 38. Ke1 Rd7 39. Rd2 Rd5 40. e4 fxe4 41. Ke2 Ke7 42. Ke3 Kf6 43. g4 hxg4 44. hxg4 Kg5 45. Rd4 Rxd4 46. Kxd4 Kf4 47. g5 e5+ 48. Kc3 Kxg5 0-1

[Event "Florianopolis op 6th"]
[Site "Florianopolis"]
[Date "2020.01.25"]
[Round "9"]
[White "Lopes, Leonardo Borges"]
[Black "Bonfim, Regina Rodrigues"]
[Result "1-0"]
[WhiteElo "1466"]
[BlackElo "1726"]
[PlyCount "56"]
[EventDate "2020.01.20"]
[EventType "swiss"]
[EventRounds "10"]
[EventCountry "BRA"]
[SourceTitle "CBM 194 Extra"]
[Source "ChessBase"]
[SourceDate "2020.03.31"]
[SourceVersion "1"]
[SourceVersionDate "2020.03.31"]
[SourceQuality "1"]

1. c4 e6 2. e4 c6 3. d4 d5 4. e5 c5 5. Nf3 Nc6 6. cxd5 exd5 7. dxc5 Bxc5 8. Bb5 Qb6 9. Bxc6+ bxc6 10. 0-0 h6 11. Nc3 Bb4 12. Be3 Qa5 13. Ne2 Ba6 14. a3 Be7 15. Re1 Bxe2 16. Rxe2 Qc7 17. Rc1 Qb7 18. Qa4 Qb5 19. Qc2 c5 20. Bxc5 Rc8 21. b4 Bxc5 22. bxc5 Ne7 23. Nd4 Qa6 24. e6 0-0 25. Re3 f5 26. Rb3 Rf6 27. Re1 Qa4 28. Rd3 Qa6 1-0